| 000 | 00750nam a22001337a 4500 | ||
|---|---|---|---|
| 040 | _cRUA | ||
| 082 | _aAGR SUY 2016 B606 Or.1 | ||
| 100 | _aSUY LINA,ស៊ុយ លីណា | ||
| 245 | _aevaluation of fertilzer of fresh solidmanure,composted manure,biodgester effluent for growth chinese cabbage ,ការវាយតម្លៃប្រភេទជីកាកសំណល់លាមកគោស្រស់កំប៉ុស្តិ័ឡជីវឧស្ម័នលើការលូតលាស់ដំណាំស្ពៃក្រញ៉ាញ់ | ||
| 260 |
_aphnom penh _brua _c2016 |
||
| 300 |
_aviii,32p; _bill; _c29cm; |
||
| 856 | _uhttps://drive.google.com/file/d/1BV6XMiwlpTGCCGJelnExa3TcluINeCbS/view?usp=sharing | ||
| 942 | _cAGR | ||
| 999 |
_c17099 _d17099 |
||